| 000 | 00519nam a2200169Ia 4500 | ||
|---|---|---|---|
| 003 | OSt | ||
| 005 | 20201221110852.0 | ||
| 008 | 190216s9999||||xx |||||||||||||| ||und|| | ||
| 040 | _coclc | ||
| 082 |
_a423 _bREA/T |
||
| 100 | _aNull | ||
| 245 | 4 |
_aThe Reader`s Digest Great Encyclopaedic Dictionary / _cThe Reader`s Digest Association |
|
| 260 |
_bThe Reader`s Digest Association ltd, _c1964. _aLondon: |
||
| 300 | _a528p | ||
| 650 | _aDictionaries | ||
| 942 |
_cREF _2ddc _h423 _iREA/T _k423 _mREA/T |
||
| 999 |
_c35123 _d35123 |
||